000 00701nam a2200241Ia 4500
003 OSt
005 20220925221837.0
006 a|||||r|||| 00| 0
007 ta
008 220923b |||||||| |||| 00| 0 eng d
037 _cGeneral Book
040 _aRTL
_cRTL
_beng
041 _2eng
_aeng
082 _aW,8, L9
100 _aPollitt Christopher Ed.
_9287159
245 0 _aPublic policy in theory and practice
260 _aLondon
_bOpen University
_c1979
300 _ax,307p
_ccm.
490 _aOpen University, Policies, People Administration Course Team
650 _aBureaucracy
942 _hW,8, L9
_cGB
_2CC
999 _c575460
_d575460